Normal view
MARC view
- Kapoor, Satish K ,Kansal, Purva
Entry Personal Name
001 - CONTROL NUMBER
- control field: 56885
003 - CONTROL NUMBER IDENTIFIER
- control field: NUST
005 - DATE AND TIME OF LATEST TRANSACTION
- control field: 20210628201811.0
008 - FIXED-LENGTH DATA ELEMENTS
- fixed length control field: 210628|| aca||aabn | a|a d
040 ## - CATALOGING SOURCE
- Original cataloging agency: NUST
- Transcribing agency: NUST
100 ## - HEADING--PERSONAL NAME
- Personal name: Kapoor, Satish K ,Kansal, Purva
670 ## - SOURCE DATA FOUND
- Source citation: Work cat.: (NUST): Kapoor, Satish K ,Kansal, Purva, Basics of distribution management ,a logistical approcah, 2003
